| 000 | 01260cam a22003015a 4500 | ||
|---|---|---|---|
| 001 | 016453060 | ||
| 003 | EG-ScBUE | ||
| 005 | 20220201141556.0 | ||
| 008 | 130513s2013 enka f 000 f eng d | ||
| 020 | _a9780007453573 (pbk.) | ||
| 040 |
_aStDuBDS _beng _erda _cStDuBDS _dUk _dEG-ScBUE |
||
| 082 | 0 | 4 |
_a823.92 _bWAL _222 |
| 100 | 1 |
_aWalliams, David, _d1971- _eauthor. _940189 |
|
| 245 | 1 | 0 |
_aDemon dentist / _cDavid Walliams ; illustrated by Tony Ross. |
| 264 | 1 |
_aLondon : _bHarper Collins Publishers, _c2013. |
|
| 300 |
_a[443] pages : _billustrations (black and white) ; _c23 cm |
||
| 336 |
_2rdacontent _atext _btxt |
||
| 337 |
_2rdamedia _aunmediated _bn |
||
| 338 |
_2rdacarrier _avolume _bnc |
||
| 520 | _aDarkness had come to the town. Strange things were happening in the dead of night. Children would put a tooth under their pillow for the tooth fairy, but in the morning they would wake up to find a dead slug ; a live spider ; hundreds of earwigs. Evil was at work, but who or what was behind it ?. | ||
| 650 | 7 |
_aHumorous stories. _2BUEsh _940202 |
|
| 650 | 7 |
_aChildren’s stories. _2BUEsh _913280 |
|
| 651 | _2BUEsh | ||
| 653 |
_cJune2016 _bHHUUEENN |
||
| 655 |
_vReading book _934232 |
||
| 700 | 1 |
_aRoss, Tony, _eillustrator. |
|
| 942 |
_2ddc _cBB |
||
| 999 |
_c21901 _d21873 |
||